[Event "FRA-chT"]
[Site "FRA"]
[Date "1995.??.??"]
[Round "?"]
[White "Georgiev, Kiril"]
[Black "Andersson, Ulf"]
[Result "1/2-1/2"]
[WhiteElo "2625"]
[BlackElo "2630"]

1.d4 Nf6 2.c4 e6 3.Nc3 Bb4 4.Qc2 O-O 5.a3 Bxc3+ 6.Qxc3 d6 7.Bg5 Nbd7 8.e3 Re8
9.Bd3 b6 10.Ne2 c5 11.O-O Ba6 12.Qb3 h6 13.Bh4 Rc8 14.Qa4 Bb7 15.Nc3 a6 16.Rfe1 Qc7
17.Rac1 Bc6 18.Qd1 cxd4 19.exd4 Qb7 20.f3 d5 21.b3 Qa8 22.a4 Bb7 23.Qd2 Rcd8
24.Qb2 Rc8 25.Bf1 Nh5 26.cxd5 exd5 27.Qd2 Qb8 28.Rxe8+ Rxe8 29.Nd1 Nf8 30.Bf2 Ne6
31.Rc3 Rc8 32.Nb2 Nhf4 33.Bg3 Rxc3 34.Qxc3 Qd8 35.Bf2 h5 36.g3 Ng6 37.h4 Ne7
38.Nd3 a5 39.Bh3 Bc8 40.Kh2 Nf8 41.Bxc8 Nxc8 42.Nf4 g6 43.Qc6 Ne7 44.Qf6 Nh7
45.Qe5 Nf8 46.Kg2 Nh7 47.g4 hxg4 48.fxg4 Qd7 49.Kg3 f6 50.Qb8+ Kf7 51.Qxb6 g5
52.Nh5 Nc6 53.Qb5 gxh4+ 54.Kxh4 Ng5 55.Be3 Qd6 56.Qb7+ Ne7 57.Bf4 Qe6 58.Bxg5 fxg5+
59.Kh3 Qe3+ 60.Ng3 Ke6 61.Qb6+ Kf7 62.Qb7 Kf6 63.Qb6+ Kf7 64.Qb7 Kf6 65.Qb6+  1/2-1/2

[Event "Malmo"]
[Site "Malmo"]
[Date "1995.??.??"]
[Round "2"]
[White "Hellsten, Johan"]
[Black "Andersson, Ulf"]
[Result "1/2-1/2"]
[WhiteElo "2420"]
[BlackElo "2630"]

1.e4 c5 2.Nf3 g6 3.d4 Bg7 4.Nc3 cxd4 5.Nxd4 Nc6 6.Nb3 Nf6 7.Be2 O-O 8.O-O d6
9.Re1 b6 10.Bf1 Bb7 11.Nd5 e6 12.Nxf6+ Bxf6 13.c3 Qc7 14.Qg4 Rad8 15.Bg5 Qe7
16.Bxf6 Qxf6 17.Rad1 h5 18.Qe2 h4 19.Qe3 Kg7 20.Nd2 Ne5 21.Be2 g5 22.Nc4 Nxc4
23.Bxc4 Qf4 24.Rd2 Qxe3 25.Rxe3 Kf6 26.Rxd6 Rxd6 27.e5+ Ke7 28.exd6+ Kxd6
29.f3 Rc8 30.Bb3 a5 31.Kf2 Bc6 32.a3 a4 33.Bc2 b5 34.Rd3+ Bd5 35.Rd2 Kc5
36.Ke3 f5 37.Re2 Rg8 38.Kf2 g4 39.fxg4 Rxg4 40.g3 f4 41.gxf4 Rxf4+ 42.Ke1 Rg4
43.Kd2 Bc4 44.Rf2 Kd5 45.Ke3 Ke5 46.Bh7 Rg1 47.Bc2 Kd6 48.Rd2+ Kc5 49.Rd1 Rg5
50.Rd4 h3 51.Rd2 Bd5 52.Bd3 Rg1 53.Kf2 Rg2+ 54.Ke3 Rg5 55.Rf2 Bc4 56.Bc2 Rg1
57.Rd2 Rf1 58.Rd1 Rf7 59.Rd2 Rg7 60.Kf2 Bd5 61.Ke3 Bc6 62.Bd3 Rg5 63.Rf2 Bd5
64.Kf4 Rg1 65.Ke3 Re1+ 66.Kd2 Rh1 67.Ke3 Bg2 68.Rf6 e5 69.Rf5 Kd6 70.Rf6+ Ke7
71.Rh6 Rxh2 72.Bxb5 Rh1 73.Kf2 Rb1 74.Bxa4 Rxb2+ 75.Kg3 Re2 76.Rh7+ Kf6 77.Bd7 Re3+
78.Kh2 Rxc3 79.Bxh3 Be4 80.Ra7 Rc2+ 81.Kg3 Rc3+ 82.Kh2 Bd5 83.Ra6+  1/2-1/2

[Event "Malmo"]
[Site "Malmo"]
[Date "1995.??.??"]
[Round "3"]
[White "Andersson, Ulf"]
[Black "Brynell, Stellan"]
[Result "1/2-1/2"]
[WhiteElo "2630"]
[BlackElo "2435"]

1.Nf3 Nf6 2.c4 g6 3.g3 Bg7 4.Bg2 O-O 5.O-O d6 6.Nc3 e5 7.d3 Nc6 8.Rb1 a5
9.a3 h6 10.b4 axb4 11.axb4 Be6 12.Nd2 Rb8 13.b5 Ne7 14.Bb2 Qd7 15.Re1 Bh3
16.Bh1 Ng4 17.e3 f5 18.Qe2 g5 19.f3 Nf6 20.Nd1  1/2-1/2

[Event "Malmo"]
[Site "Malmo"]
[Date "1995.??.??"]
[Round "4"]
[White "Sokolov, Ivan"]
[Black "Andersson, Ulf"]
[Result "0-1"]
[WhiteElo "2645"]
[BlackElo "2630"]

1.d4 e6 2.e4 c5 3.d5 exd5 4.exd5 d6 5.Nf3 Nf6 6.Bb5+ Bd7 7.a4 Be7 8.O-O O-O
9.Re1 a6 10.Bf1 Re8 11.Nc3 Bf8 12.Rxe8 Nxe8 13.Nd2 Bf5 14.Nc4 Nd7 15.Bf4 Qc7
16.h3 Bg6 17.a5 Nef6 18.Na4 Re8 19.f3 Nh5 20.Bh2 f5 21.Nc3 Bf7 22.Qd2 g6
23.g4 Nhf6 24.gxf5 gxf5 25.Bd3 Nxd5 26.Qg5+ Kh8 27.Nxd5 Bxd5 28.Qxf5 Bg8
29.Be4 Re6 30.Kh1 Rf6 31.Qh5 Rh6 32.Qxh6 Bxh6 33.Nxd6 Qd8 34.Nf5 Bg5 35.Rd1 Bf6
36.Nh6 Qe8 37.Nxg8 Kxg8 38.Bxb7 Qe2 39.Rg1+ Kf8 40.Bd6+ Be7 41.Bf4 Nf6 42.Bh6+ Ke8
43.Bc6+ Kd8 44.Bf4 Qe6  0-1

[Event "Malmo"]
[Site "Malmo"]
[Date "1995.??.??"]
[Round "5"]
[White "Andersson, Ulf"]
[Black "Hjartarson, Johann"]
[Result "1/2-1/2"]
[WhiteElo "2630"]
[BlackElo "2590"]

1.Nf3 Nf6 2.c4 e6 3.g3 d5 4.d4 dxc4 5.Qa4+ Nbd7 6.Bg2 a6 7.Nc3 Rb8 8.Qxc4 b5
9.Qd3 Bb7 10.O-O c5 11.dxc5 Bxc5 12.Bf4 Rc8 13.Rad1 O-O 14.Ne5 Bxg2 15.Kxg2 Nxe5
16.Bxe5 Qxd3 17.Rxd3 Rfd8 18.Rxd8+ Rxd8 19.Bxf6 gxf6 20.Rc1 Bd4 21.Rd1 f5
22.a4 bxa4 23.Nxa4 Kf8 24.e3 Bb6 25.Rxd8+ Bxd8 26.Kf3 Ke7 27.Nc5 a5 28.Ke2 Bb6
29.Na4 Bd8 30.Kd3 Kd6 31.Kc4 Kc6 32.b3 Bf6 33.Nc5 Bg7 34.Nd3 h6 35.Ne1 Ba1
36.Ng2 Bg7 37.Nh4 Bf6 38.Nf3 Bg7 39.Ng1 Ba1 40.Ne2 Bg7 41.h3 Bf6 42.Nf4 Ba1
43.Nd3 Bg7 44.f3 Ba1 45.g4 fxg4 46.hxg4 f5 47.Nc5 fxg4 48.fxg4 Kd6 49.Nb7+ Ke5
50.Kd3 Kf6 51.Nxa5 Kg5 52.Nc6 Kxg4 53.b4 h5 54.b5 h4 55.Ke2 Bb2 56.b6 Ba3
57.Kf2 Bd6 58.Nd4 Bg3+ 59.Kg1 Bb8 60.b7 Kg3  1/2-1/2

[Event "Malmo"]
[Site "Malmo"]
[Date "1995.??.??"]
[Round "6"]
[White "Djurhuus, Rune"]
[Black "Andersson, Ulf"]
[Result "1/2-1/2"]
[WhiteElo "2495"]
[BlackElo "2630"]

1.e4 e6 2.d4 d5 3.Nc3 Nf6 4.Bg5 dxe4 5.Nxe4 Be7 6.Ng3 O-O 7.Bd3 c5 8.dxc5 Nbd7
9.Bxf6 Nxf6 10.Qe2 Qa5+ 11.c3 Qxc5 12.Nf3 Bd7 13.O-O Rad8 14.Rfe1 Bc8 15.Rad1 Qc7
16.Ne4 Rd5 17.Nfg5 Nxe4 18.Nxe4 Rfd8 19.Bc2 Rxd1 20.Rxd1 Rxd1+ 21.Qxd1 b6
22.Qd3 g6 23.Bd1 Qe5 24.Bf3 f5 25.Ng3 Qe1+ 26.Qf1 Qxf1+ 27.Kxf1 Kg7 28.Ne2 e5
29.Bd5 Kf6 30.f3 h5 31.c4 Bd7 32.Nc1 Bd6 33.h3 a5 34.Nd3 Be6 35.Bxe6 Kxe6
36.Ke2 e4 37.fxe4 fxe4 38.Ne1 Ke5 39.Nc2 Be7 40.b3 Bg5 41.Kf2 Bh6 42.Ke2 Bf8
43.Ke3 Bc5+ 44.Ke2 Kf4 45.a3 Ke5 46.Kd2 Bd4 47.Ke2 Bb2 48.Ke3 Bc1+ 49.Kf2 Kf4
50.g3+ Ke5 51.Ke2 g5 52.Kf2 h4 53.gxh4 gxh4 54.Ke2 Kf5 55.a4 Kf4 56.b4 Ke5
57.bxa5 bxa5 58.Na1 Bg5 59.Nb3 Bd8 60.Ke3 Bb6+ 61.Ke2 Bc7 62.Ke3 Bd8 63.Ke2 Bb6
64.Kd2 Kf4 65.c5 Bc7 66.Nd4 Kg3 67.Ke3 Kxh3 68.Nf5 Kg4 69.Nxh4 Kxh4 70.Kxe4 Kg5
71.Kd5 Kf6 72.Kc6  1/2-1/2

[Event "Malmo"]
[Site "Malmo"]
[Date "1995.??.??"]
[Round "8"]
[White "Vescovi, Giovanni"]
[Black "Andersson, Ulf"]
[Result "0-1"]
[WhiteElo "2465"]
[BlackElo "2630"]

1.e4 c5 2.Nf3 e6 3.c3 Nf6 4.e5 Nd5 5.d4 cxd4 6.cxd4 d6 7.Nc3 Nc6 8.exd6 Qxd6
9.Bc4 Be7 10.O-O O-O 11.a3 Nxc3 12.bxc3 b6 13.Bd3 Bb7 14.Bb2 Rfd8 15.Qe2 Rac8
16.Rad1 Bf6 17.Nd2 Na5 18.h4 Qd5 19.f4 g6 20.h5 Qxh5 21.Qxh5 gxh5 22.f5 e5
23.Be4 exd4 24.Bxb7 Nxb7 25.Ne4 Be7 26.cxd4 Nd6 27.Nxd6 Bxd6 28.d5 Kf8 29.Rd2 Rc4
30.f6 Rdc8 31.Rf5 Rc2 32.Rxc2 Rxc2 33.Be5 Bxa3 34.Rxh5 Ke8 35.Rxh7 Rd2 36.Bb8 a5
37.Rh8+ Kd7 38.Rh7 Bc5+ 39.Kf1 Rf2+ 40.Ke1 Rxf6 41.g4 Ke7 42.g5 Rg6 43.Bf4 Bd6
44.Be3 Be5 45.Kd2 b5 46.Kd3 a4 47.Ke4 Bb2 48.Rh3 Ke8 49.Bd4 Bxd4 50.Kxd4 b4
51.Rh8+ Ke7 52.Ra8 b3 53.Ra7+ Kd8 54.Rxa4 Rb6 55.Ra1 b2 56.Rb1 Ke7 57.Kc5 Rb3
58.d6+ Kd7 59.Kd5 Rb5+ 60.Kc4 Rb6 61.Kc5 Rc6+ 62.Kd4 Rxd6+ 63.Ke5 Rb6  0-1

[Event "Malmo"]
[Site "Malmo"]
[Date "1995.??.??"]
[Round "9"]
[White "Andersson, Ulf"]
[Black "Krasenkow, Michal"]
[Result "1/2-1/2"]
[WhiteElo "2630"]
[BlackElo "2575"]

1.Nf3 Nf6 2.c4 g6 3.g3 Bg7 4.Bg2 O-O 5.O-O d6 6.Nc3 c6 7.d4 Qa5 8.Qd2 Qh5
9.Qg5 Qxg5 10.Bxg5 h6 11.Bd2 Bf5 12.Rac1  1/2-1/2

[Event "Nykopping rapid25"]
[Site "Nykopping"]
[Date "1995.??.??"]
[Round "1"]
[White "Karpov, Anatoly"]
[Black "Andersson, Ulf"]
[Result "1-0"]
[WhiteElo "2775"]
[BlackElo "2630"]

1.d4 Nf6 2.c4 e6 3.Nf3 Bb4+ 4.Bd2 Bxd2+ 5.Qxd2 O-O 6.g3 d5 7.Bg2 Nbd7 8.Qc2 b6
9.cxd5 Nxd5 10.O-O Bb7 11.e4 N5f6 12.Nc3 c5 13.Rad1 cxd4 14.Nxd4 Qe7 15.Rfe1 Ne5
16.f4 Nc6 17.Nd5 exd5 18.Nxc6 Bxc6 19.exd5 Qxe1+ 20.Rxe1 Bxd5 21.Bxd5 Nxd5
22.Qa4 h6 23.h3 a5 24.Qb5 Rad8 25.Re5 Nb4 26.a3 Nd3 27.Re3 Nc5 28.Qxb6 Rd1+
29.Kf2 Rc1 30.Qxa5 Rc8 31.Kf3 Ne6 32.Rc3 R8xc3+ 33.bxc3 g6 34.Qb4 Rf1+ 35.Ke2 Ra1
36.a4 Ra2+ 37.Kf3 Kg7 38.a5  1-0

[Event "Nykopping rapid25"]
[Site "Nykopping"]
[Date "1995.??.??"]
[Round "2"]
[White "Andersson, Ulf"]
[Black "Karpov, Anatoly"]
[Result "1-0"]
[WhiteElo "2630"]
[BlackElo "2775"]

1.Nf3 d5 2.d4 Nf6 3.c4 dxc4 4.e3 e6 5.Bxc4 c5 6.O-O a6 7.Qe2 cxd4 8.exd4 Be7
9.Nc3 b5 10.Bb3 O-O 11.Bg5 Bb7 12.Rad1 Nc6 13.Rfe1 Nb4 14.d5 Nfxd5 15.Nxd5 Bxg5
16.Nxb4 Qe7 17.Nd5 Bxd5 18.Bxd5  1-0

[Event "Osterskars m"]
[Site "Osterskars"]
[Date "1995.??.??"]
[Round "1"]
[White "Gelfand, Boris"]
[Black "Andersson, Ulf"]
[Result "0-1"]
[WhiteElo "2685"]
[BlackElo "2630"]

1.d4 e6 2.c4 Bb4+ 3.Nc3 Ne7 4.Qc2 O-O 5.e3 c5 6.Bd3 h6 7.a3 Bxc3+ 8.Qxc3 cxd4
9.exd4 d5 10.c5 b6 11.Nf3 bxc5 12.dxc5 f6 13.b4 e5 14.Bc2 Bf5 15.Bb3 Kh8
16.O-O d4 17.Qb2 Nbc6 18.b5 e4 19.Nh4 Ne5 20.Nxf5 Nxf5 21.Qe2 d3 22.Qxe4 Nd4
23.Bd1 Re8 24.Kh1 f5 25.Qe3 Qh4 26.Qf4 Qxf4 27.Bxf4 Nxb5 28.Bh5 g6 29.Rae1 gxh5
30.Rxe5 Rxe5 31.Bxe5+ Kg8 32.Rd1 Re8 33.f4 Nxa3 34.Rxd3 Nc4 35.Bd4 Rd8 36.c6 Kf7
37.c7 Rc8 38.Rg3 Ke6 39.Rg7 a5 40.Rh7 Kd5 41.Bc3 a4 42.Kg1 a3 43.Kf2 a2 44.Ke2 Nd6
45.Kd3 Nb5 46.Bb2 Rxc7 47.Rxh6 Ra7 48.Rxh5 Ra3+ 49.Kd2 Ke4 50.g4 Rf3 51.gxf5 Rf2+
52.Kc1 Nd4  0-1

[Event "Osterskars m"]
[Site "Osterskars"]
[Date "1995.??.??"]
[Round "2"]
[White "Andersson, Ulf"]
[Black "Gelfand, Boris"]
[Result "1/2-1/2"]
[WhiteElo "2630"]
[BlackElo "2685"]

1.Nf3 g6 2.d4 Bg7 3.e4 c5 4.d5 Nf6 5.Nc3 O-O 6.Be2 d6 7.O-O e6 8.dxe6 Bxe6
9.Bf4 Qb6 10.Bxd6 Rd8 11.e5 Ne8 12.Nd5 Qxb2 13.Rb1 Qxa2 14.Ne7+ Kh8 15.Rxb7 Nd7
16.Nc6 Rdc8 17.Ne7 Rd8 18.Nc6 Rdc8 19.Ne7 Rd8  1/2-1/2

[Event "Ter Apel"]
[Site "Ter Apel"]
[Date "1995.??.??"]
[Round "2"]
[White "Van Wely, Loek"]
[Black "Andersson, Ulf"]
[Result "1/2-1/2"]
[WhiteElo "2575"]
[BlackElo "2630"]

1.d4 Nf6 2.c4 e6 3.Nf3 Bb4+ 4.Bd2 Bxd2+ 5.Qxd2 O-O 6.g3 d5 7.Bg2 Nbd7 8.O-O c6
9.Qc2 b6 10.Nbd2 Bb7 11.b4 a5 12.a3 axb4 13.axb4 dxc4 14.Nxc4 c5 15.dxc5 bxc5
16.b5 Qc7 17.Qb2 Bd5 18.Nfd2 Bxg2 19.Kxg2 Nd5 20.Ne4 h6 21.Ned6 N7b6 22.e4 Nb4
23.Rfd1 Rab8 24.Nxb6 Rxb6 25.e5 Nd5 26.Rac1 f6 27.Kg1 fxe5 28.Nc4 Rb7 29.Re1 Rfb8
30.Qxe5 Qxe5 31.Rxe5 Rxb5 32.Rxe6 Rb1 33.Ree1 Rxc1 34.Rxc1 Nf6 35.Ne5 Rc8
36.f4 Kf8 37.Kf2  1/2-1/2

[Event "Ter Apel"]
[Site "Ter Apel"]
[Date "1995.??.??"]
[Round "3"]
[White "Andersson, Ulf"]
[Black "Epishin, Vladimir"]
[Result "1/2-1/2"]
[WhiteElo "2630"]
[BlackElo "2635"]

1.Nf3 Nf6 2.c4 c6 3.d4 d5 4.cxd5 cxd5 5.Nc3 Nc6 6.Bf4 a6 7.Rc1 Bf5 8.e3 e6
9.Ne5 Nxe5 10.Bxe5 Nd7 11.Bg3 Rc8 12.Bd3 Bxd3 13.Qxd3 Be7 14.O-O O-O 15.Rc2 Qa5  1/2-1/2

[Event "Ter Apel"]
[Site "Ter Apel"]
[Date "1995.??.??"]
[Round "4"]
[White "Dautov, Rustem"]
[Black "Andersson, Ulf"]
[Result "1/2-1/2"]
[WhiteElo "2625"]
[BlackElo "2630"]

1.d4 Nf6 2.c4 e6 3.Nf3 Bb4+ 4.Nbd2 b6 5.g3 Ba6 6.Qc2 Bb7 7.Bg2 c5 8.dxc5 Bxc5
9.O-O Be7 10.b3 d6 11.Bb2 Nbd7 12.e4 O-O 13.Nd4 Qc7 14.Rac1 a6 15.Nb1 Rfe8
16.Nc3 Bf8 17.Qd2 Rad8 18.Rfe1 Qb8 19.h3 g6 20.Rcd1 Bg7 21.Ba1 Nc5 22.Nc2 Qa8
23.Qf4 Nh5 24.Qe3 f5 25.b4 Nxe4 26.Nxe4 Bxe4 27.Bxe4 Qxe4 28.Qxe4 fxe4 29.Bxg7 Kxg7
30.Rxe4 Kf7 31.Red4 Ke7 32.a4 Rd7 33.Ne3 Nf6 34.f4 Ra8 35.g4  1/2-1/2

[Event "Biel SKA"]
[Site "Biel"]
[Date "1996.??.??"]
[Round "3"]
[White "Andersson, Ulf"]
[Black "Karpov, Anatoly"]
[Result "1/2-1/2"]
[WhiteElo "2640"]
[BlackElo "2775"]

1.Nf3 Nf6 2.c4 e6 3.g3 a6 4.Bg2 b5 5.b3 c5 6.Nc3 Qb6 7.O-O Bb7 8.Rb1 Be7
9.d4 cxd4 10.Qxd4 Qxd4 11.Nxd4 Bxg2 12.Kxg2 Nc6 13.Nxc6 dxc6 14.Bf4 Bb4  1/2-1/2

[Event "Biel SKA"]
[Site "Biel"]
[Date "1996.??.??"]
[Round "6"]
[White "Romanishin, Oleg M"]
[Black "Andersson, Ulf"]
[Result "0-1"]
[WhiteElo "2555"]
[BlackElo "2640"]

1.e4 c5 2.Nc3 Nc6 3.g3 g6 4.Bg2 Bg7 5.d3 d6 6.Be3 e6 7.Qd2 Qa5 8.Nf3 Nd4
9.O-O Bd7 10.a3 Ne7 11.Bh6 O-O 12.Nd5 Nec6 13.Ne7+ Kh8 14.Bxg7+ Kxg7 15.b4 Nxf3+
16.Bxf3 Nd4 17.Bd1 Qd8 18.c3 Nb5 19.bxc5 Qxe7  0-1

[Event "Biel SKA"]
[Site "Biel"]
[Date "1996.??.??"]
[Round "7"]
[White "Andersson, Ulf"]
[Black "Lautier, Joel"]
[Result "1-0"]
[WhiteElo "2640"]
[BlackElo "2620"]

1.Nf3 d5 2.d4 Nf6 3.c4 e6 4.g3 a6 5.Nbd2 dxc4 6.Nxc4 c5 7.Bg2 Nc6 8.Nfe5 Nxe5
9.dxe5 Qxd1+ 10.Kxd1 Nd7 11.a4 Rb8 12.a5 b5 13.axb6 Nxb6 14.Nxb6 Rxb6 15.Kc2 Bd7
16.Be3 Be7 17.Rhd1 Bb5 18.b4 O-O 19.Rdc1 Rbb8 20.Bxc5 Bxc5 21.bxc5 Rfc8 22.Kd2 Bc6
23.Bxc6 Rxc6 24.Ra5 Kf8 25.Kc3 Rd8 26.e4 Rdc8 27.Kc4 Rd8 28.Rca1 Rdc8 29.Rb1 Ke8
30.Rb7 Rd8 31.Rb6 Rxb6 32.cxb6 Rd2 33.Rxa6 Kd7 34.Ra7+ Kc6 35.Rxf7 Kxb6 36.Rxg7  1-0

[Event "Biel SKA"]
[Site "Biel"]
[Date "1996.??.??"]
[Round "9"]
[White "Andersson, Ulf"]
[Black "Portisch, Lajos"]
[Result "1/2-1/2"]
[WhiteElo "2640"]
[BlackElo "2600"]

1.Nf3 Nf6 2.c4 e6 3.Nc3 d5 4.d4 Be7 5.Bg5 O-O 6.Rc1 h6 7.Bxf6 Bxf6 8.e3 c6
9.Bd3 Nd7 10.O-O dxc4 11.Bxc4 e5 12.h3 exd4 13.exd4 Nb6 14.Bb3 Bf5 15.Re1 a5
16.Ne5 Bxe5 17.Rxe5 Bg6 18.a3 Qd6 19.Qg4 Nd7 20.Re3 Rae8 21.Rce1 Rxe3 22.Rxe3 Kh8
23.Ne2 Nf6 24.Qf4 Qd8 25.Nc3 Kg8 26.Qe5 Re8 27.Qg3 Rxe3 28.Qxe3 Qb6 29.Na4 Qb5
30.Bd1 Qf5 31.Nc3 Kf8 32.Kh2 Ne8 33.d5 cxd5 34.Qc5+ Kg8 35.Nxd5 Kh7 36.Qd4 Qd7
37.Bf3 Bf5 38.Qc5 Qd8 39.Ne3 Be6 40.Qe5 b6 41.Bd5 Nc7 42.Be4+ Kg8 43.g3 Ne8
44.Bd5 Nc7 45.Bg2 Ne8 46.Bd5 Nc7 47.Bc6 Na6 48.Bd5  1/2-1/2

[Event "Kottnauer mem"]
[Site "Prague"]
[Date "1996.??.??"]
[Round "1"]
[White "Andersson, Ulf"]
[Black "Hort, Vlastimil"]
[Result "1-0"]
[WhiteElo "2630"]
[BlackElo "2550"]

1.d4 d6 2.e4 Nf6 3.Nc3 g6 4.Nf3 Bg7 5.Be2 O-O 6.O-O a6 7.h3 b5 8.e5 Ne8 9.Bf4 Nd7
10.Qd2 Nb6 11.a3 c6 12.Rfe1 Bf5 13.Bh6 Nc7 14.Bxg7 Kxg7 15.Bf1 f6 16.exf6+ exf6
17.Ne4 Qd7 18.b3 Be6 19.Qa5 Rfb8 20.Rac1 Bf7 21.h4 h5 22.g3 Be6 23.c4 Bg4
24.Re3 Nc8 25.Rce1 Ra7 26.d5 Ne8 27.Nd4 cxd5 28.cxd5 Qc7 29.Qxc7+ Nxc7 30.Nc6 Rbb7
31.Nxa7 Rxa7 32.Bg2 Kf7 33.Rc3 Ne8 34.Nd2 Ne7 35.Nf1 a5 36.Ne3 Bd7 37.Rec1 f5
38.Bf3 Ng8 39.Ng2 Ngf6 40.Nf4 Ne4 41.R3c2 Nc5 42.Rb1 Nf6 43.b4 axb4 44.axb4 Nce4
45.Kg2 Ng4 46.Rbb2 Ne5 47.Be2 Ra3 48.Ra2 Rb3 49.Rcb2 Rc3 50.Ra7 Ke8 51.Rb7 Nc4
52.Ra2  1-0

[Event "Kottnauer mem"]
[Site "Prague"]
[Date "1996.??.??"]
[Round "2"]
[White "Zueger, Beat"]
[Black "Andersson, Ulf"]
[Result "1/2-1/2"]
[WhiteElo "2465"]
[BlackElo "2630"]

1.d4 e6 2.c4 Nf6 3.Nf3 Bb4+ 4.Bd2 a5 5.Nc3 d6 6.Qc2 Nc6 7.a3 Bxc3 8.Bxc3 O-O
9.e4 e5 10.dxe5 dxe5 11.Nxe5 Nxe5 12.Bxe5 Re8 13.Rd1 Qe7 14.Bxf6 gxf6 15.Be2 f5
16.f3 fxe4 17.fxe4 Qh4+ 18.g3 Qxe4 19.Qxe4 Rxe4 20.Rd8+ Kg7 21.h3 Rxe2+ 22.Kxe2 Bg4+
23.hxg4 Rxd8 24.Ke3 Rd6 25.b4 Rg6 26.Kf3 axb4 27.axb4 Ra6 28.Rh5 Ra3+ 29.Kf2 b6
30.c5 Rc3 31.cxb6 cxb6 32.Rb5 Rc6 33.Ke3 h6 34.Ke4 Rg6 35.Kf3 Kf8 36.Re5 Rc6
37.Rh5 Rf6+ 38.Kg2 Rg6 39.Kh3 Ke7 40.Kh4  1/2-1/2

[Event "Kottnauer mem"]
[Site "Prague"]
[Date "1996.??.??"]
[Round "3"]
[White "Andersson, Ulf"]
[Black "Smejkal, Jan"]
[Result "1-0"]
[WhiteElo "2630"]
[BlackElo "2510"]

1.e4 e5 2.Nf3 Nc6 3.Bb5 a6 4.Bxc6 dxc6 5.O-O Qd6 6.d4 exd4 7.Nxd4 Bd7 8.Na3 c5
9.Nf5 Qxd1 10.Rxd1 O-O-O 11.Nc4 Re8 12.f3 g6 13.Nfe3 Bg7 14.Nd5 Nf6 15.Nxc7 Kxc7
16.Bf4+ Kd8 17.Nd6 Re7 18.Nxb7+ Kc8 19.Nxc5 Rd8 20.Nxa6 Nxe4 21.fxe4 Rxe4
22.Bg3 Ra4 23.Nc5 Bd4+ 24.Bf2 Bxf2+ 25.Kxf2 Rc4 26.Nxd7 Rxc2+ 27.Ke3 Rxd7
28.Rxd7 Kxd7 29.Rd1+ Kc6 30.Rd2 Rc1 31.Rf2 f5 32.Kf4 Rc4+  1-0

[Event "Kottnauer mem"]
[Site "Prague"]
[Date "1996.??.??"]
[Round "5"]
[White "Blatny, Pavel"]
[Black "Andersson, Ulf"]
[Result "0-1"]
[WhiteElo "2515"]
[BlackElo "2630"]

1.e4 e6 2.d4 d5 3.Nc3 Nf6 4.e5 Nfd7 5.f4 c5 6.Nf3 Nc6 7.Be3 a6 8.Qd2 b5 9.Ne2 b4
10.h4 Qb6 11.h5 a5 12.f5 cxd4 13.Nexd4 Bc5 14.fxe6 fxe6 15.Bb5 Nxd4 16.Bxd7+ Bxd7
17.Bxd4 O-O 18.Rh4 Rf5 19.Qe3 Rc8 20.Bxc5 Qxc5 21.Nd4 Rf7 22.g3 a4 23.Rf4 Be8
24.h6 a3 25.bxa3 bxa3 26.Rb1 gxh6 27.Kd2 Rxf4 28.gxf4 Bg6 29.Rb5 Qc4 30.Rb3 h5
31.c3 Qf1 32.Qf3 Qa1 33.f5 Qxa2+ 34.Kd3 Rf8 35.Rb6 Qc4+ 36.Kd2 a2 37.Nxe6 a1=Q
38.fxg6 Qca2+  0-1

[Event "Kottnauer mem"]
[Site "Prague"]
[Date "1996.??.??"]
[Round "7"]
[White "Andersson, Ulf"]
[Black "Zueger, Beat"]
[Result "1/2-1/2"]
[WhiteElo "2630"]
[BlackElo "2465"]

1.Nf3 Nf6 2.c4 g6 3.g3 Bg7 4.Bg2 O-O 5.O-O d6 6.Nc3 a6 7.d3 c5 8.a3 Nc6 9.Rb1 Rb8
10.b4 cxb4 11.axb4 b5 12.cxb5 axb5 13.d4 Bf5 14.Rb3 Ne4 15.Nxe4 Bxe4 16.d5 Bxf3
17.exf3 Ne5 18.f4 Nc4 19.h4 Ra8 20.h5 Qd7 21.hxg6 hxg6 22.Be4 Ra1 23.Bb1 Rc8
24.Qf3 Qh3 25.f5 Rxb1 26.Rxb1 Ne5 27.Qg2  1/2-1/2

[Event "Kottnauer mem"]
[Site "Prague"]
[Date "1996.??.??"]
[Round "8"]
[White "Smejkal, Jan"]
[Black "Andersson, Ulf"]
[Result "1/2-1/2"]
[WhiteElo "2510"]
[BlackElo "2630"]

1.c4 c5 2.Nf3 Nf6 3.Nc3 e6 4.g3 b6 5.Bg2 Bb7 6.O-O Be7 7.d4 cxd4 8.Qxd4 O-O
9.Rd1 Nc6 10.Qf4 Qb8 11.b3 Rd8 12.Bb2 a6 13.Ng5 Na5 14.Nge4  1/2-1/2

[Event "Kottnauer mem"]
[Site "Prague"]
[Date "1996.??.??"]
[Round "9"]
[White "Stohl, Igor"]
[Black "Andersson, Ulf"]
[Result "1/2-1/2"]
[WhiteElo "2515"]
[BlackElo "2630"]

1.d4 Nf6 2.c4 e6 3.Nf3 Bb4+ 4.Bd2 Bxd2+ 5.Qxd2 O-O 6.g3 d5 7.Bg2 Nbd7 8.Qc2 b6
9.cxd5 Nxd5 10.O-O c5 11.Nc3 Nxc3 12.Qxc3 Bb7 13.Rfd1 Qe7 14.Rac1 Rfc8 15.Qe3 cxd4
16.Nxd4 Bxg2 17.Kxg2 Nf6 18.Qf3 h6 19.Nc6 Qe8 20.b4 b5 21.Rc5 Nd5 22.Rdc1 a6
23.a3 Rc7 24.Ne5 Rxc5 25.Rxc5 Qe7 26.Nd3 Qb7 27.Nf4 Rd8 28.Nxd5 Rxd5 29.Rxd5 exd5
30.h4  1/2-1/2

[Event "SWE-chT 9596"]
[Site "?"]
[Date "1996.??.??"]
[Round "?"]
[White "Andersson, Ulf"]
[Black "Renman, Nils Gustaf"]
[Result "1/2-1/2"]
[WhiteElo "2630"]
[BlackElo "2375"]

1.d4 d5 2.c4 c6 3.Nf3 Bf5 4.cxd5 Bxb1 5.Rxb1 Qxd5 6.a3 e6 7.e3 Nf6 8.Qc2 Be7
9.Bd3 Qd8 10.e4 h6 11.Qe2 Nbd7 12.O-O c5 13.Rd1 Qc7 14.d5 e5 15.b4 cxb4 16.axb4 O-O
17.Nh4 Rfc8 18.Nf5 Bf8 19.Bd2 Kh7 20.Qf3 g6 21.Ne3 h5 22.Bb5 Kg8 23.h3 a6
24.Bxd7 Nxd7 25.g4 hxg4 26.hxg4 Bh6 27.Kg2 Kg7 28.g5 Bxg5 29.Nf5+ gxf5 30.Bxg5 Qd6
31.Qxf5 Qg6 32.Qxg6+ Kxg6 33.Be3 f5 34.exf5+ Kxf5 35.Rbc1 e4 36.d6 Rxc1 37.Rxc1 Rd8
38.Rc7 Ne5 39.Bc5 b6 40.Bxb6 Rxd6 41.Bc5  1/2-1/2

[Event "SWE-chT 9596"]
[Site "?"]
[Date "1996.??.??"]
[Round "?"]
[White "Wiedenkeller, Michael"]
[Black "Andersson, Ulf"]
[Result "1/2-1/2"]
[WhiteElo "2425"]
[BlackElo "2630"]

1.d4 Nf6 2.c4 e6 3.Nc3 Bb4 4.Qc2 O-O 5.a3 Bxc3+ 6.Qxc3 b6 7.Bg5 Bb7 8.e3 d6
9.f3 Nbd7 10.Nh3 c5 11.dxc5 bxc5 12.Be2 a5 13.O-O Ra6 14.Rad1 Qc7 15.Rd2 Rb8
16.Nf2 Bc6 17.Qc1 Ba4 18.Bd1 Bb3 19.Bxb3 Rxb3  1/2-1/2

[Event "SWE-chT 9596"]
[Site "?"]
[Date "1996.??.??"]
[Round "?"]
[White "Andersson, Ulf"]
[Black "Schussler, Harry"]
[Result "1/2-1/2"]
[WhiteElo "2630"]
[BlackElo "2465"]

1.d4 Nf6 2.Nf3 e6 3.c4 b6 4.a3 Ba6 5.e3 Be7 6.Bd3 d5 7.cxd5 Bxd3 8.Qxd3 exd5
9.Nc3 O-O 10.O-O Re8 11.e4 dxe4 12.Nxe4 Nxe4 13.Qxe4 Nd7 14.Qc6 Nf6 15.Bf4 Bd6
16.Bxd6  1/2-1/2

[Event "Ter Apel"]
[Site "Ter Apel"]
[Date "1996.??.??"]
[Round "2"]
[White "Svidler, Peter"]
[Black "Andersson, Ulf"]
[Result "1/2-1/2"]
[WhiteElo "2630"]
[BlackElo "2630"]

1.e4 e6 2.d4 d5 3.Nd2 c5 4.Ngf3 Nc6 5.exd5 exd5 6.Bb5 Bd6 7.dxc5 Bxc5 8.O-O Ne7
9.Nb3 Bd6 10.Re1 O-O 11.Bg5 Qc7 12.c3 a6 13.Bd3 Bg4 14.h3 Bh5 15.Be2 Bg6
16.Nfd4 Rfe8 17.Bd3 Ne5 18.Bxg6 hxg6 19.Re2 Nc4 20.Qc2  1/2-1/2

[Event "Ter Apel"]
[Site "Ter Apel"]
[Date "1996.??.??"]
[Round "3"]
[White "Andersson, Ulf"]
[Black "Leko, Peter"]
[Result "1-0"]
[WhiteElo "2630"]
[BlackElo "2625"]

1.Nf3 Nf6 2.c4 c5 3.g3 Nc6 4.Bg2 d5 5.cxd5 Nxd5 6.d4 cxd4 7.Nxd4 Ndb4 8.Nxc6 Qxd1+
9.Kxd1 Nxc6 10.Nc3 Bd7 11.Be3 g6 12.Rc1 Bg7 13.f4 O-O 14.Ke1 e5 15.Kf2 exf4
16.gxf4 Be6 17.b3 Rad8 18.Ne4 Bd4 19.Nc5 Bxe3+ 20.Kxe3 Rfe8 21.Kf2 Nb4 22.a3 Nd5
23.Nxe6 fxe6 24.e3 Re7 25.Rhd1 Red7 26.Rd4 Kf7 27.Bf3 b6 28.Bxd5 exd5 29.h4 Rd6
30.Kf3 Kf6 31.b4 b5 32.Rc5 a6 33.Rd2 h6 34.Kg4 R8d7 35.Rd3 Re7 36.Kf3 Red7
37.Rd1 Rd8 38.Rd2 R8d7 39.Rdc2 Re7 40.Rc8 Rde6 41.R2c3 Rd6 42.Rd3 Kf7 43.Rc5 Red7
44.Rc2 Kf6 45.Rd1 g5 46.fxg5+ hxg5 47.hxg5+ Kxg5 48.Ke2 Kf5 49.Kd3 Rh7 50.Rg1 Rhh6
51.Rc7 Ke6 52.Rgg7 Ke5 53.Rg5+ Kf6 54.Rcg7 Rc6 55.Kd4 Rc4+ 56.Kxd5 Rc3 57.e4 Rd3+
58.Kc5 Rxa3 59.Rg8 Ke6 60.Kb6 Kf7+ 61.Kb7 Re3 62.R5g7+ Kf6 63.Rg4 Ke5 64.Rd8 Rb3
65.Rd5+ Ke6 66.Kc6 Rc3+ 67.Rc5 Rd3 68.Kb7 Ke7 69.Re5+ Kf6 70.Rgg5 Rd4 71.Rgf5+ Kg7
72.Re7+ Kg8 73.e5 Re4 74.Kc8 Rc6+ 75.Kd7 Rcc4 76.Rg5+ Kf8 77.Rf5+ Kg8 78.Rg5+ Kf8
79.Re8+ Kf7 80.Rf5+ Kg7 81.Rg5+ Kh6 82.Rg1 Red4+ 83.Ke6 Rg4 84.Rh1+ Kg5 85.Rg8+ Kf4
86.Rxg4+ Kxg4 87.Kd5 Rxb4 88.e6 Rb2 89.Re1 Rd2+ 90.Kc6 Rc2+ 91.Kb7  1-0

[Event "Yerevan ol (Men)"]
[Site "Yerevan"]
[Date "1996.??.??"]
[Round "3"]
[White "Andersson, Ulf"]
[Black "Zapata, Alonso"]
[Result "1/2-1/2"]
[WhiteElo "2640"]
[BlackElo "2525"]

1.d4 Nf6 2.Nf3 g6 3.g3 Bg7 4.Bg2 O-O 5.O-O d6 6.Nc3 Nc6 7.Bf4 Nd7 8.Qd2 e5
9.Bg5 f6 10.Bh6 Nb6 11.Bxg7 Kxg7 12.h3 f5 13.dxe5 dxe5 14.Qxd8 Rxd8 15.Rfd1 e4
16.Rxd8 Nxd8 17.Nd4 c6 18.f3 exf3 19.exf3 Ne6 20.Rd1 Kf6 21.Kf2 a5 22.f4 Nc5
23.b3 Be6 24.a3 Rd8 25.Nxe6 Nxe6 26.Rxd8 Nxd8 27.Ke3 Ne6 28.Ne2 h6 29.h4 Ke7
30.Nd4 h5 31.Nxe6 Kxe6 32.Kd4 Kd6 33.b4 axb4 34.axb4 Nd7 35.Bf1 Nf6 36.Bc4 Nd5
37.c3 b6 38.Bb3 c5+ 39.bxc5+ bxc5+ 40.Kd3 Ke6 41.Kc2 Kd6 42.Kb2 Ke6 43.Kc1 Kd6
44.Kd2 Ke6 45.Kd3 Kd6 46.Ba4 Nf6 47.Kc4 Ne4 48.Be8 Nxg3 49.Bxg6 Ne2 50.Bxh5 Nxf4
51.Bd1 Ng6 52.h5 Ne5+ 53.Kb5 Nf7 54.Bb3 Nh6 55.Kc4 Ng4 56.Kb5 Nh6 57.Bc2 Kd5
58.Bd3 Kd6 59.Kb6 f4 60.Be4 Ke5 61.Bg2 Kd6 62.Bf3 Nf5 63.Kb7 Ke5 64.Kb6 Kd6
65.Bg2 Nh6 66.Kb7 Nf7 67.Kc8 Ke7 68.Kc7 Ne5 69.h6 Kf6  1/2-1/2